000 00607nas a2200217 4500
001 BR7302278
003 BR-BrBNA
005 20231205082426.0
007 ta
008 230509b bl.|||p| |||| 00| 00por d
040 _aBR-BrBNA
_bpor
_cBiblioteca Nacional de Agricultura
041 _a(En)
072 _aF50; F70
100 1 _aFurtado, J.S.
245 1 _aA new aquatic fungus, Achlya benekei sp. nov. [Fungo aquatico]
650 _aTAXONOMIA
650 _aFUNGO
773 0 _tRickia (Brazil)
_x
_g(1965), v. 2 p. 121-127
_wBR7302278
909 _a202311
_bLúcia
_c55
_dLúcia Elande
942 _2AGRIS
_n0
_cANA
999 _c91692
_d91692